mysqli: Table './ulib62015/stat_globaluid' is marked as crashed and should be repaired
select id from stat_globaluid where statuid='20260517124716_1403'
mysqli: Table './ulib62015/stat_globaluid' is marked as crashed and should be repaired
DELETE FROM stat_globaluid
WHERE id NOT IN (
SELECT id
FROM (
SELECT id
FROM stat_globaluid
ORDER BY id DESC
LIMIT 100
) foo
);
mysqli: Table './ulib62015/stat_globaluid' is marked as crashed and should be repaired
insert into stat_globaluid set
statuid='20260517124716_1403',
dt='1778996836',
phpself='/ULIB62015/dublinfull.php',
agent='Mozilla/5.0 AppleWebKit/537.36 (KHTML, like Gecko; compatible; ClaudeBot/1.0; +claudebot@anthropic.com)',
yea='2026',
mon='5',
dat='17',
ip='216.73.216.45'
mysqli: Table './ulib62015/stathist_viewbib_bib_type' is marked as crashed and should be repaired
insert into stathist_viewbib_bib_type set
dat='17' ,
mon='05' ,
yea='2026' ,
statuid='20260517124716_1403' ,
head='23327' ,
foot='marc' ,
dt='1778996836'
| LEADER : 01174nam 2200277 a 4500 |
| 001 23327 |
| 003 ULIB |
| 008 030417s2004 caua sb 001 0 eng |
| 050 ^a5105.5 |
| 060 ^aท164c |
| 082 ^aTK |
| 100 ^aเทเนนบาม |
| 245 ^aComputer Networks : เครือข่ายคอมพิวเตอร์ |
| 913 ^aImported by ULIBM Administrator |
| 945 ^p475^l0^i003010
|
| 945 ^p475^l0^i003012
|
| 945 ^p0^l0^i003013
|
| 945 ^p0^l0^i003011
|
| 945 ^p0^l0^i003014 |
| 949 ^aImport form external file by ULIBM system |
| คุณยังไม่ได้ล็อกอิน คุณสามารถมีกิจกรรมร่วมกับเว็บไซต์ได้ แต่ต้องล็อกอินก่อน :: |
|
|
|
|
ยังไม่เคยถูกคอมเมนท์
|
| คอมเมนท์ทรัพยากรรายการนี้ |
|